Essentials of Public Relations
| Main Author: | |
|---|---|
| Other Authors: | , , |
| Format: | Book |
| Published: |
US :
Addiosn Wesley Educational Publisher ,
2001
|
| Subjects: |
MARC
| LEADER | 00000cam a2200000 7i4500 | ||
|---|---|---|---|
| 001 | 0000012337 | ||
| 005 | 20050506.0 | ||
| 020 | |a 0321082311 | ||
| 040 | |a INS | ||
| 090 | 0 | 0 | |a HM1221. |b E87 2001 |
| 100 | 1 | |a Wilcox, Dennis L. | |
| 245 | 1 | 0 | |a Essentials of Public Relations |c Dennis L. Wilcox |
| 260 | |a US : |b Addiosn Wesley Educational Publisher , |c 2001 | ||
| 300 | |a xxi : |b 470p ; |c 24cm. | ||
| 650 | 0 | 0 | |a Public relations |
| 700 | 1 | |a Agee, Warren K. | |
| 700 | 1 | |a Ault, Phillip H. | |
| 700 | 1 | |a CAmeron, Glen T. | |
| 999 | |a 0000013371 |b BOOK |c Open Shelf |e Default branch | ||